000
00190nam a2200085Ia 4500
008
120527s9999 xx 000 0 und d
100
_a
Berne-Smith
245
_a
Mental Retardation
942
_c
BK
999
_c
27488
_d
27488